Selected Stories of Bret Harte (Record no. 230660)
[ view plain ]
| 000 -LEADER | |
|---|---|
| fixed length control field | 01219cam a22002653a 4500 |
| 001 - CONTROL NUMBER | |
| control field | 1312 |
| 003 - CONTROL NUMBER IDENTIFIER | |
| control field | PGUSA |
| 005 - DATE AND TIME OF LATEST TRANSACTION | |
| control field | 20140828082959.0 |
| 008 - FIXED-LENGTH DATA ELEMENTS--GENERAL INFORMATION | |
| fixed length control field | 060503s2006||||xxu|||||s|||||000 1 eng d |
| 040 ## - CATALOGING SOURCE | |
| Original cataloging agency | PGUSA |
| Language of cataloging | eng |
| 042 ## - AUTHENTICATION CODE | |
| Authentication code | dc |
| 050 #4 - LIBRARY OF CONGRESS CALL NUMBER | |
| Classification number | PS |
| 100 1# - MAIN ENTRY--PERSONAL NAME | |
| Personal name | Harte, Bret, |
| Dates associated with a name | 1836-1902 |
| 245 10 - TITLE STATEMENT | |
| Title | Selected Stories of Bret Harte |
| Medium | [electronic resource] / |
| Statement of responsibility, etc | Bret Harte |
| 260 ## - PUBLICATION, DISTRIBUTION, ETC. (IMPRINT) | |
| Name of publisher, distributor, etc | Project Gutenberg, |
| Date of publication, distribution, etc | 2006 |
| 505 0# - FORMATTED CONTENTS NOTE | |
| Formatted contents note | The luck of Roaring Camp -- The outcasts of Poker Flat -- Miggles -- Tennessee's partner -- The idyl of Red Gulch -- Brown of Calaveras -- High-water mark -- A lonely ride -- The man of no account -- Mliss -- The right eye of the commander -- Notes by flood and field -- An episode of Fiddletown -- Barker's luck -- a yellow dog -- A mother of five -- Bulger's reputation -- In the Tules -- A convert of the mission -- The indiscretion of Elsbeth -- The devotion of Enriquez. |
| 506 ## - RESTRICTIONS ON ACCESS NOTE | |
| Terms governing access | Public domain in the USA. |
| 516 ## - TYPE OF COMPUTER FILE OR DATA NOTE | |
| Type of computer file or data note | Electronic text |
| 653 ## - INDEX TERM--UNCONTROLLED | |
| Uncontrolled term | California -- Social life and customs -- Fiction |
| 653 ## - INDEX TERM--UNCONTROLLED | |
| Uncontrolled term | Western stories |
| 653 ## - INDEX TERM--UNCONTROLLED | |
| Uncontrolled term | Short stories, American |
| 830 #0 - SERIES ADDED ENTRY--UNIFORM TITLE | |
| Uniform title | Project Gutenberg |
| Volume number/sequential designation | 1312 |
| 856 40 - ELECTRONIC LOCATION AND ACCESS | |
| Uniform Resource Identifier | <a href="http://www.gutenberg.org/ebooks/1312">http://www.gutenberg.org/ebooks/1312</a> |
| 942 ## - ADDED ENTRY ELEMENTS (KOHA) | |
| Koha item type | eBooks |
| Withdrawn status | Lost status | Damaged status | Home library | Current library | Date acquired | Total Checkouts | Date last seen | Price effective from | Koha item type |
|---|---|---|---|---|---|---|---|---|---|
| Project Gutenberg | Project Gutenberg | 08/28/2014 | 08/28/2014 | 08/28/2014 | eBooks |